| 000 | 00489nam a22001817a 4500 | ||
|---|---|---|---|
| 003 | NUST - PNEC | ||
| 005 | 20170116181019.0 | ||
| 008 | 150915b xxu||||| |||| 00| 0 eng d | ||
| 020 | _a0471276316 | ||
| 020 | _a0471276308 | ||
| 040 | _cLIBRARY | ||
| 082 | _a536.7 HAY | ||
| 100 |
_910523 _aHaywood, R. W. |
||
| 245 |
_aEquilibrium thermodynamics for engineers and scientists _cR. W. Haywood |
||
| 260 | _cc.1980 | ||
| 650 |
_910522 _aThermodynamic equilibrium _xME |
||
| 942 |
_2ddc _cBK |
||
| 999 |
_c67326 _d67326 |
||